Microsoft PowerPoint 2000 : Introductory version

Guardado en:
Detalles Bibliográficos
Autor principal: Laudon, Kenneth C., 1944-
Formato: Libro
Publicado: Irwin/McGraw-Hill 2000
Etiquetas: Agregar Etiqueta
Sin Etiquetas, Sea el primero en etiquetar este registro!
Thư viện lưu trữ: Mạng thư viện Đại học Đà Nẵng
LEADER 00600nam a2200229 a 4500
001 000028631
003 14325
005 20171030145630.0
008 171030s2000
040 |a LTT 
082 0 |a 006,6869  |b LA-K 
100 1 |a Laudon, Kenneth C., 1944- 
245 0 0 |a Microsoft PowerPoint 2000 : Introductory version  |c Kenneth C. Laudon, Kenneth Rosenblatt. 
260 |b Irwin/McGraw-Hill  |c 2000 
500 |a ASIA 
OWN |a LTT 
999 |a From the UDN01 
TYP |a Monograph 
TYP |a Printed language 
980 |a Mạng thư viện Đại học Đà Nẵng